000 00382nam a22001577a 4500
020 _a9781439085295
082 _a909.82 STO
100 _a Stoessinger, John George
245 _a Why nations go to war
250 _a11th ed.
260 _aUSA
_bCengage Learning,
_c2011
300 _a462p. :
650 _aHistory, Modern
700 _aJohn George Stoessinger
942 _cBK
999 _c11637
_d11637